| 000 | 01291cam a2200265 a 4500 | ||
|---|---|---|---|
| 001 | 15630585 | ||
| 005 | 20100219103758.0 | ||
| 008 | 090219s2010 maua b 001 0 eng | ||
| 020 | _a9780135134108 (pbk. : alk. paper) | ||
| 020 | _a0135134102 (pbk. : alk. paper) | ||
| 040 |
_aDLC _cDLC _dDLC |
||
| 082 | 0 | 0 |
_a610.730724 _222 _bNOR |
| 100 | 1 |
_aNorwood, Susan Leslie. _928913 |
|
| 245 | 1 | 0 |
_aResearch Essentials : _bFoundations for Evidence-Based Practice / _cSusan L. Norwood. |
| 260 |
_aBoston : _bPearson, _cc2010. |
||
| 300 |
_axix, 503 p. : _bill. (chiefly col.) ; _c26 cm. |
||
| 504 | _aIncludes bibliographical references and index. | ||
| 650 | 0 |
_aNursing _xResearch _xMethodology. _928914 |
|
| 650 | 0 |
_aClinical medicine _xResearch _xMethodology. _928915 |
|
| 650 | 0 |
_aEvidence-based medicine. _928916 |
|
| 653 |
_bNUR _cFebruary2012 |
||
| 942 |
_2ddc _cNRB |
||
| 999 |
_c16464 _d16464 |
||